Central Library OPAC University of Rajshahi

Improving productivity through people skills : (Record no. 15601)

MARC details
000 -LEADER
fixed length control field 01082pam a2200325 a 4500
001 - CONTROL NUMBER
control field 15601
003 - CONTROL NUMBER IDENTIFIER
rucl marc code BD-RjUL
005 - DATE AND TIME OF LATEST TRANSACTION
control field 20211208235843.0
008 - FIXED-LENGTH DATA ELEMENTS--GENERAL INFORMATION
fixed length control field 140210s1980 maua b 001 0 eng
020 ## - INTERNATIONAL STANDARD BOOK NUMBER
International Standard Book Number 0884104982
035 ## - SYSTEM CONTROL NUMBER
System control number (BD-RjUL)15656
040 ## - CATALOGING SOURCE
Original cataloging agency DLC
Transcribing agency DLC
Modifying agency DLC
-- BD-RjUL
Language of cataloging eng
041 ## - LANGUAGE CODE
Language code of text/sound track or separate title eng
082 00 - DEWEY DECIMAL CLASSIFICATION NUMBER
Classification number 658.3
Edition number 19
Author mark and year LEI 1980
100 1# - MAIN ENTRY--PERSONAL NAME
Personal name Lefton, Robert Eugene,
Dates associated with a name 1931-
9 (RLIN) 48428
245 10 - TITLE STATEMENT
Title Improving productivity through people skills :
Remainder of title dimensional management strategies /
Statement of responsibility, etc. Robert E. Lefton, V.R. Buzzotta, Manuel Sherberg.
260 ## - PUBLICATION, DISTRIBUTION, ETC. (IMPRINT)
Place of publication, distribution, etc. Cambridge, Mass. :
Name of publisher, distributor, etc. Ballinger Pub. Co.,
Date of publication, distribution, etc. c1980.
300 ## - PHYSICAL DESCRIPTION
Pagination ix, 504 p. :
Illustrations ill. ;
Size 24 cm.
504 ## - BIBLIOGRAPHY, ETC. NOTE
Bibliography, etc Bibliography: p. 497-498.
Bibliography, etc Includes index.
650 #0 - SUBJECT ADDED ENTRY--TOPICAL TERM
Topical term or geographic name as entry element Personnel management.
9 (RLIN) 48429
Topical term or geographic name as entry element Interpersonal relations.
9 (RLIN) 7411
Topical term or geographic name as entry element Organizational behavior.
9 (RLIN) 42223
700 1# - ADDED ENTRY--PERSONAL NAME
Personal name Buzzotta, V. Ralph,
Dates associated with a name 1931-
Personal name Sherberg, Manuel.
710 2# - ADDED ENTRY--CORPORATE NAME
Corporate name or jurisdiction name as entry element Psychological Associates.
9 (RLIN) 48432
942 ## - ADDED ENTRY ELEMENTS (KOHA)
Source of classification or shelving scheme Dewey Decimal Classification
Koha item type Books
Holdings
Lost status Source of classification or shelving scheme Damaged status Not for loan Collection code Permanent Location Current Location Shelving location Date acquired Source of acquisition Cost, normal purchase price Total Checkouts Full call number Date last seen Copy number Koha item type
  Dewey Decimal Classification   Not For Loan Non-fiction Central Library, University of Rajshahi Central Library, University of Rajshahi Reading Room 13/07/1985 Tulip Enterprise Dhaka 816.00   658.3 LEI 1980 10/02/2014 C-1 Books